[Event "COQ Invitational"]
[Site "Montreal CAN"]
[Date "2011.07.25"]
[Round "4"]
[White "Kleinman,Michael"]
[Black "Voloaca,M"]
[Result "1/2-1/2"]
[WhiteElo "2221"]
[BlackElo "2236"]

1.e4 e6 2.d4 d5 3.Nd2 Be7 4.Ngf3 Nf6 5.e5 Nfd7 6.Bd3 c5 7.c3 Nc6 8.O-O g5
9.dxc5 g4 10.Nd4 Ndxe5 11.Bb5 Bd7 12.f4 Nxd4 13.Bxd7+ Qxd7 14.cxd4 Nc6 15.Nb1 Bf6
16.Be3 Ne7 17.Nc3 Nf5 18.Qd3 O-O 19.Rac1 Kh8 20.Rc2 b6 21.Ne2 bxc5 22.dxc5 Rfc8
23.Bd4 Nxd4 24.Nxd4 Qa4 25.Nb5 Rab8 26.Nd6 Rxc5 27.Rxc5 Qd4+ 28.Qxd4 Bxd4+
29.Kh1 Bxc5 30.Nxf7+ Kg8 31.Nh6+ Kg7 32.Nxg4 Rxb2 33.a4 Ra2 34.g3 Rxa4 35.Kg2 Ra2+
36.Kh3 a5 37.Rc1 Bd4 38.Rc6 h5 39.Ne5 Kf6 40.Nf3 Bb2 41.Ng5 Kf5 42.Rxe6 Bf6
43.Rd6 Rd2 44.Nf3 Rd3 45.Ne1 Rd2 46.Ng2 Bc3 47.Ne3+ Ke4 48.Re6+ Kf3 49.f5 Bd4
50.f6 Bxe3 51.f7 Bc5 52.Rc6 Bb4 53.Rb6 Bc5 54.Rc6 Bb4 55.Rh6 Bf8 56.Rh8 Bd6
57.Rh6 Ke4 58.Rxd6 Rf2 59.Re6+ Kd3 60.Ra6 Rxf7 61.Rxa5 Ke4 62.Kh4 Rf5 63.h3 d4
64.Ra1 d3 65.g4 hxg4 66.hxg4 Rf2 67.Kg5 d2 68.Rd1 Re2 69.Kf6 Kf4 70.g5 Ke3
71.Kf7 Rf2+ 72.Ke7 Rg2 73.Kf6 Ke2 74.Rxd2+ Kxd2 75.g6 Rxg6+ 76.Kxg6  1/2-1/2

[Event "4th Paleohora Open"]
[Site "Paleochora GRE"]
[Date "2011.07.25"]
[Round "7"]
[White "Kaforos,D"]
[Black "Markidis,K"]
[Result "0-1"]
[WhiteElo "2193"]
[BlackElo "2330"]

1.e4 e6 2.d4 d5 3.Nd2 Be7 4.Bd3 c5 5.dxc5 Nf6 6.Qe2 O-O 7.Ngf3 a5 8.O-O Na6
9.e5 Nd7 10.c3 Naxc5 11.Bc2 b5 12.Nd4 Qc7 13.Re1 b4 14.c4 Ba6 15.Bxh7+ Kxh7
16.Qh5+ Kg8 17.Re3 f5 18.cxd5 Nxe5 19.dxe6 g6 20.Qh6 Bf6 21.Rg3 Bg7 22.Qh4 Bf6
23.Qh6 Qg7 24.Nxf5 Qxh6 25.Nxh6+ Kh7 26.Nb3 Nxe6 27.Nxa5 Nd4 28.Rh3 Ne2+
29.Kh1 Nxc1 30.Rxc1 Rac8 31.Nb3 Rxc1+ 32.Nxc1 Kg7 33.f4 Rd8 34.Kg1 Rd1+ 35.Kf2 Rf1+
36.Kg3 Rxc1 37.fxe5 Bxe5+ 38.Kf3 Bb7+ 39.Ke2 Bxg2 40.Rh4 Bf6 41.Rf4 Bg5 42.Rf2 Rc2+
43.Ke1 Bh4  0-1

[Event "COQ Invitational"]
[Site "Montreal CAN"]
[Date "2011.07.26"]
[Round "5"]
[White "Meszaros,Mi"]
[Black "Drolet,S"]
[Result "1/2-1/2"]
[WhiteElo "2418"]
[BlackElo "2025"]

1.e4 e6 2.d4 d5 3.Nd2 a6 4.Ngf3 Nf6 5.e5 Nfd7 6.Bd3 c5 7.c3 Nc6 8.O-O g5
9.g4 h5 10.h3 Be7 11.Qe2 cxd4 12.cxd4 Nb6 13.Nb3 hxg4 14.hxg4 Nb4 15.Bb1 Bd7
16.Rd1 Bb5 17.Qd2 Nc4 18.Qe1 Nb6 19.Nc5 a5 20.a3 Nc6 21.Nxb7 Qb8 22.Nc5 Bxc5
23.dxc5 Nd7 24.Nxg5 Ncxe5 25.Qc3 f6 26.Nh7 Nxg4 27.Qh3 Ke7 28.Qxg4 Rg8 29.Ng5 Qe5
30.f4 Rxg5 31.Qxg5 Qe2 32.Qg7+ Kd8 33.Rd2 Qf1+ 34.Kh2 Qxc1 35.Rc2 Qxf4+ 36.Qg3 Qxg3+
37.Kxg3 Ne5 38.Ba2 Kd7 39.Rh1 Rg8+ 40.Kf2 Nd3+ 41.Kf3 Ne5+ 42.Ke3 Bd3  1/2-1/2

[Event "5th AD San Juan Open"]
[Site "Pamplona ESP"]
[Date "2011.07.26"]
[Round "2"]
[White "Oleksienko,M"]
[Black "Garza Marco,S"]
[Result "1/2-1/2"]
[WhiteElo "2564"]
[BlackElo "2403"]

1.e4 e6 2.d4 d5 3.Nd2 Be7 4.c3 c5 5.dxc5 Bxc5 6.Nb3 Bb6 7.exd5 exd5 8.Qe2+ Ne7
9.Be3 Bxe3 10.Qxe3 O-O 11.Nf3 Re8 12.O-O-O Nd7 13.h4 Nf6 14.h5 Nc6 15.Qf4 a5
16.Nbd4 a4 17.a3 Bg4 18.h6 g6 19.Bd3 Nxd4 20.Qxd4 Re6 21.Ng5 Bxd1 22.Nxe6 fxe6
23.Rxd1 Qf8 24.Kb1 Nd7 25.Re1 Nc5 26.Bxg6 Qxh6 27.Bc2 b6 28.Re3 Ra7 29.Rh3 Qf8
30.Rf3 Rf7 31.Bxh7+ Kxh7 32.Rh3+ Kg6 33.Rg3+ Kh7 34.Rh3+ Kg6  1/2-1/2

[Event "Czech GM Open A"]
[Site "Pardubice CZE"]
[Date "2011.07.26"]
[Round "5.95"]
[White "Tjurin,A"]
[Black "Mukashev,A"]
[Result "1/2-1/2"]
[WhiteElo "2303"]
[BlackElo "2153"]

1.e4 e6 2.d4 d5 3.Nd2 Be7 4.Ngf3 Nf6 5.Bd3 c5 6.dxc5 Bxc5 7.O-O Nc6 8.a3 a5
9.Qe2 h6 10.e5 Nd7 11.c4 O-O 12.Nb3 Bb6 13.Bf4 a4 14.Nbd2 Re8 15.Rad1 g5
16.Nxg5 hxg5 17.Qh5 gxf4 18.Qh7+ Kf8 19.Qh6+ Ke7 20.Qg5+ Kf8  1/2-1/2

[Event "Czech GM Open A"]
[Site "Pardubice CZE"]
[Date "2011.07.26"]
[Round "5.17"]
[White "Szablowski,P"]
[Black "Stupak,K"]
[Result "0-1"]
[WhiteElo "2433"]
[BlackElo "2530"]

1.e4 e6 2.d4 d5 3.Nd2 Be7 4.e5 c5 5.Qg4 Bf8 6.dxc5 Nh6 7.Qf4 Bxc5 8.Nb3 Be7
9.Bd3 f6 10.Qg3 Nf7 11.Qxg7 fxe5 12.Bxh7 Bf6 13.Qg4 Nc6 14.Bg6 e4 15.Ne2 Ne5
16.Bxf7+ Kxf7 17.Qf4 Nc4 18.h3 e5 19.Qg3 Be6 20.O-O Qb6 21.Qh2 Bg4 22.Ng3 Rag8
23.Nd2 Nd6 24.Kh1 Be6 25.c4 dxc4 26.Ndxe4 Nxe4 27.Nxe4 Bxh3 28.gxh3 Qe6 29.Bg5 Rxh3
30.Bxf6 Rxh2+ 31.Kxh2 Qg4 32.Ng3 Kxf6 33.Kg2 Rh8 34.Rfe1 Qh3+ 35.Kg1 Ke6
36.Rad1 Qh2+ 37.Kf1 Rf8  0-1

[Event "Czech GM Open A"]
[Site "Pardubice CZE"]
[Date "2011.07.27"]
[Round "6.33"]
[White "Looshnikov,N"]
[Black "De Verdier,M"]
[Result "1/2-1/2"]
[WhiteElo "2512"]
[BlackElo "2359"]

1.e4 e6 2.d4 d5 3.Nd2 Be7 4.Ngf3 Nf6 5.Bd3 c5 6.exd5 Qxd5 7.c4 Qd8 8.Nb3 cxd4
9.O-O Nc6 10.Bf4 Bd6 11.Bxd6 Qxd6 12.c5 Qc7 13.Bb5 Bd7 14.Nbxd4 O-O 15.Be2 a6
16.Nc2 Qa5 17.Qd6 Rfd8 18.Ne3 Ne8 19.Nc4 Nxd6 20.Nxa5 Nxa5 21.cxd6 Bb5 22.Bxb5 axb5
23.Nd4 Rxd6 24.Nxb5 Rb6 25.a4 g6 26.Rfd1 Nb3 27.Ra3 Nc5 28.b4 Rxb5 29.axb5 Rxa3
30.bxc5 Rc3 31.c6 bxc6 32.bxc6 Rxc6 33.h4 Kg7 34.g3 Rc3 35.Kg2 Ra3 36.Rd7 Kf6
37.Rb7 Rd3 38.Ra7 Rb3 39.Ra5 Rb6 40.Kf3 Rc6 41.Kg2 Rc7 42.Kf3 Kg7 43.h5 Rc3+
44.Kg2 Rc2 45.hxg6 hxg6 46.Kf3 Rd2 47.Ke3 Rb2 48.Kf3 f5 49.Ra4 Rb3+ 50.Kg2 e5
51.Ra6 Rb2 52.Re6 e4 53.g4 Kf7 54.gxf5 gxf5 55.Ra6 Ke7 56.Kg3 Rd2 57.Kg2 Rd6
58.Ra3 f4 59.Ra4 Re6 60.Kf1 f3 61.Ke1 Kf6 62.Kd2 Kf5 63.Ke3 Re5 64.Ra8 Rb5  1/2-1/2

[Event "Czech GM Open A"]
[Site "Pardubice CZE"]
[Date "2011.07.27"]
[Round "6.79"]
[White "Kulovana,E"]
[Black "Yakimenko,Alex"]
[Result "0-1"]
[WhiteElo "2330"]
[BlackElo "2178"]

1.e4 e6 2.d4 d5 3.Nd2 Nc6 4.Ngf3 Nf6 5.e5 Nd7 6.c3 f6 7.Bb5 Be7 8.exf6 Bxf6
9.Qe2 Qe7 10.Ne5 Ncxe5 11.dxe5 Bg5 12.g3 O-O 13.f4 Bh6 14.Nf3 Nc5 15.Be3 a6
16.Bxc5 Qxc5 17.Bd3 Bd7 18.h4 Bb5 19.Ng5 Bxg5 20.hxg5 g6 21.O-O-O Bxd3 22.Qxd3 Qe7
23.Rh6 Rf7 24.Rdh1 Rg7 25.Kb1 c6 26.c4 Rd8 27.Rd1 Qf8 28.Rh2 Rgd7 29.Rhd2 d4
30.Qe4 Qc5 31.b3 a5 32.g4 a4 33.f5 axb3 34.axb3 Ra8 35.fxg6 b5 36.gxh7+ Kh8
37.Qg6 Qxe5 38.Qf6+ Qxf6 39.gxf6 e5 40.g5 Kxh7 41.cxb5 cxb5 42.Kc2 Kg6 43.Kd3 Re8
44.Re2 Rh7 45.Rde1 Rh3+ 46.Kd2 Ra8 47.Rxe5 Ra2+ 48.Kd1 Rxb3 49.Kc1 d3 50.Rd5 Rc2+  0-1

[Event "Biel MTO Open"]
[Site "Biel SUI"]
[Date "2011.07.28"]
[Round "10"]
[White "Liu Dede"]
[Black "Paehtz,E"]
[Result "0-1"]
[WhiteElo "2386"]
[BlackElo "2463"]

1.e4 e6 2.d4 d5 3.Nd2 Nc6 4.Ngf3 Nf6 5.e5 Nd7 6.c3 f6 7.Bb5 a6 8.Bxc6 bxc6
9.O-O fxe5 10.dxe5 c5 11.Qa4 Be7 12.Qg4 Kf7 13.Nb3 h6 14.Be3 a5 15.Rad1 a4
16.Nc1 Ba6 17.Rfe1 Nf8 18.Qxa4 Bd3 19.Qf4+ Bf5 20.g4 g5 21.Qg3 Bg6 22.Rf1 Kg7
23.Ne1 Nd7 24.Ng2 h5 25.gxh5 Rxh5 26.f4 Qh8 27.f5 exf5 28.Rxd5 Nb6 29.Rxc5 Rh3
30.Qxh3 Qxh3 31.Rxc7 Nd5 32.Rxe7+ Nxe7 33.Bxg5 Nd5 34.c4 Qg4 35.cxd5 Qxg5
36.Nd3 f4 37.h4 Qh5 38.Ndxf4 Qxe5 39.Re1 Be4 40.d6 Rd8  0-1

[Event "5th AD San Juan Open"]
[Site "Pamplona ESP"]
[Date "2011.07.28"]
[Round "5"]
[White "Huerga Leache,M"]
[Black "Moreno Ruiz,J"]
[Result "0-1"]
[WhiteElo "2453"]
[BlackElo "2545"]

1.e4 e6 2.d4 d5 3.Nd2 Be7 4.Bd3 c5 5.dxc5 Nf6 6.Qe2 O-O 7.Ngf3 a5 8.O-O Na6
9.e5 Nd7 10.Bb5 Ndxc5 11.Nb3 a4 12.Nxc5 Nxc5 13.a3 Bd7 14.Bd3 Nxd3 15.Qxd3 Rc8
16.Be3 f6 17.Rfe1 Qc7 18.exf6 gxf6 19.Bh6 Rf7 20.Nd4 Qb6 21.b4 axb3 22.cxb3 Kh8
23.b4 Rg8 24.Be3 Qd6 25.f4 Bf8 26.Kh1 e5 27.fxe5 fxe5 28.Nf3 Bf5 29.Qc3 Qg6
30.Bg5 d4 31.Qd2 Bg7 32.Rxe5 Be4 33.Nh4 Qc6 34.Rc5 Qa6 35.b5 Qxa3 36.Rcc1 Qd6
37.Re1 Qd5 38.Bf4 Bf6 39.Qe2 d3 40.Qxe4 Qxe4 41.Rxe4 Bxa1 42.Nf3 Rf5 43.Ra4 Bf6
44.b6 Rb5 45.h4 Rb1+ 46.Kh2 Rb2 47.Kh3 Rxb6 48.Rc4 Rc6 49.Rb4 Rg7 50.Ra4 Rd7
51.h5 Kg7 52.Bd2 b5 53.Rf4 Rd5 54.h6+ Kg6 55.Rg4+ Kf7 56.Re4 Rc4 57.Re1 Bc3
58.Rf1 Bxd2  0-1

[Event "TCh-POR 1st Div"]
[Site "Torres Vedras POR"]
[Date "2011.07.28"]
[Round "6.2"]
[White "Korneev,O"]
[Black "Ferreira,Jor1"]
[Result "1/2-1/2"]
[WhiteElo "2588"]
[BlackElo "2327"]

1.e4 e6 2.d4 d5 3.Nd2 Nc6 4.Ngf3 Nf6 5.e5 Nd7 6.Bb5 a6 7.Bxc6 bxc6 8.Nb3 a5
9.a4 c5 10.Bg5 Be7 11.Bxe7 Qxe7 12.Qd2 O-O 13.O-O cxd4 14.Nbxd4 Nb6 15.b3 Bb7
16.Rfe1 c5 17.Nb5 Bc6 18.h3  1/2-1/2

[Event "Helmut-Kohls-Turnier 2011"]
[Site "Dortmund GER"]
[Date "2011.07.29"]
[Round "7"]
[White "Savchenko,Via"]
[Black "Bluebaum,M"]
[Result "1-0"]
[WhiteElo "2437"]
[BlackElo "2329"]

1.e4 e6 2.d4 d5 3.Nd2 Be7 4.e5 c5 5.Qg4 Kf8 6.Ndf3 h5 7.Qf4 Nh6 8.Bd3 Nc6
9.dxc5 Bxc5 10.a3 Ng4 11.Nh3 f6 12.b4 Bb6 13.Bb2 Bc7 14.exf6 gxf6 15.Qd2 e5
16.Nh4 Ne7 17.f4 e4 18.Be2 Kf7 19.Qc3 Nf5 20.Nxf5 Bxf5 21.O-O-O Rc8 22.Qb3 Qe7
23.Qxd5+ Kg6 24.Kb1 Ne3 25.Qb3 Nxd1 26.Qg3+ Kf7 27.Rxd1 h4 28.Bc4+ Be6 29.Qg4 Rcd8
30.Ng5+ fxg5 31.Qf5+ Ke8 32.Bb5+ Bd7 33.Bf6  1-0

[Event "Sparkassen Open A"]
[Site "Dortmund GER"]
[Date "2011.07.29"]
[Round "7.21"]
[White "Mazarov,J"]
[Black "Eigemann,Frederik"]
[Result "1/2-1/2"]
[WhiteElo "2172"]
[BlackElo "1976"]

1.e4 e6 2.d4 d5 3.Nd2 Be7 4.Ngf3 Nf6 5.e5 Nfd7 6.Bd3 c5 7.c3 Nc6 8.O-O g5
9.Bb1 a5 10.Nb3 cxd4 11.Nbxd4 Ndxe5 12.Nxe5 Nxe5 13.f4 gxf4 14.Bxf4 Bf6 15.Bxe5 Bxe5
16.Qh5 Bxd4+ 17.cxd4 Qe7 18.Qe5 Rg8 19.Bxh7 Rg5 20.Qh8+ Qf8 21.Qf6 Qg7 22.Qxg7 Rxg7
23.Bd3 Bd7 24.Rf4 Ke7 25.Raf1 Rh8 26.g3 Rh6 27.Rc1 Kd6 28.Rcf1 Ke7 29.Rc1 Kd6
30.Rcf1 Ke7  1/2-1/2

[Event "TCh-POR 1st Div"]
[Site "Torres Vedras POR"]
[Date "2011.07.29"]
[Round "7.5"]
[White "Lanzani,M"]
[Black "Rocha,S"]
[Result "1/2-1/2"]
[WhiteElo "2357"]
[BlackElo "2412"]

1.e4 e6 2.d4 d5 3.Nd2 Nc6 4.Ngf3 Nf6 5.e5 Nd7 6.Be2 f6 7.exf6 Qxf6 8.Nf1 Bd6
9.Ne3 O-O 10.O-O h6 11.c4 dxc4 12.Nxc4 e5 13.Nxd6 cxd6 14.dxe5 Ndxe5 15.Nxe5 dxe5
16.Be3 Be6 17.Bf3 Rfd8 18.Qa4 Bd5 19.Bxd5+ Rxd5 20.Rac1 a6 21.Qe4 Rad8 22.h3 Qf7
23.Kh2 Rb5 24.b3 Rb4 25.Qc2 Rb5 26.Qe4 Rb4 27.Qc2  1/2-1/2

[Event "Politiken Cup"]
[Site "Helsingor DEN"]
[Date "2011.07.31"]
[Round "2.119"]
[White "Kyrkjebo,Hanna B."]
[Black "Hinrichs,Lars"]
[Result "0-1"]
[WhiteElo "1518"]
[BlackElo "1894"]

1.e4 e6 2.d4 d5 3.Nd2 Nc6 4.Ngf3 Nge7 5.Bd3 Nb4 6.Be2 Ng6 7.c3 dxe4 8.Nxe4 Nd5
9.O-O Be7 10.Bd3 O-O 11.Re1 b6 12.Bd2 Bb7 13.a4 a5 14.Qc2 Ndf4 15.Bxf4 Nxf4
16.Bc4 Bd5 17.Bxd5 Nxd5 18.Ne5 c5 19.dxc5 Qc7 20.Nf3 Bxc5 21.Nxc5 Qxc5 22.Nd4 Rac8
23.Nb5 Nf4 24.Qe4 Qg5 25.Qf3 Rfd8 26.Rad1 h6 27.Nd4 Rc4 28.Ra1 e5 29.Ne2 Rd2
30.Nxf4 Rxf4 31.Qg3 Qxg3 32.fxg3 Rff2 33.Rxe5 Rxg2+ 34.Kf1 Rxh2 35.Re8+ Kh7
36.b4 Rh1+  0-1

[Event "Politiken Cup"]
[Site "Helsingor DEN"]
[Date "2011.07.31"]
[Round "3.31"]
[White "Skovgaard,T"]
[Black "Rapport,R"]
[Result "0-1"]
[WhiteElo "2013"]
[BlackElo "2545"]

1.e4 e6 2.d4 d5 3.Nd2 Nc6 4.Ngf3 Nf6 5.e5 Nd7 6.c4 dxc4 7.Nxc4 Nb6 8.Nxb6 axb6
9.a3 Be7 10.Bd3 Nb4 11.Be4 Nd5 12.O-O Bd7 13.Bxd5 exd5 14.h3 Be6 15.Be3 c5
16.Rc1 c4 17.Qd2 h6 18.Nh2 Qd7 19.g4 h5 20.f3 b5 21.Bg5 hxg4 22.hxg4 O-O-O
23.Bxe7 Qxe7 24.Qa5 Qg5 25.a4 Qe3+ 26.Kg2 Qe2+  0-1

[Event "Politiken Cup"]
[Site "Helsingor DEN"]
[Date "2011.07.31"]
[Round "3.3"]
[White "Ni Hua"]
[Black "Sowray,P"]
[Result "1/2-1/2"]
[WhiteElo "2662"]
[BlackElo "2350"]

1.e4 e6 2.d4 d5 3.Nd2 Be7 4.e5 Nh6 5.Ndf3 c5 6.Bxh6 gxh6 7.Qd2 Nc6 8.dxc5 Bxc5
9.Nh3 Qc7 10.Bb5 Bd7 11.Bxc6 Bxc6 12.Nf4 d4 13.Nd3 Bb6 14.O-O-O O-O-O 15.Qf4 Kb8
16.Kb1 Rc8 17.Rc1 Rhd8 18.Nd2 Bd5 19.Ne4 Qe7 20.Nd6 Rc7 21.Qxh6 a6 22.Rhg1 f6
23.f4 Ba5 24.Rgd1 Qd7 25.Qxf6 Rg8 26.f5 Rxg2 27.fxe6 Bxe6 28.b3 Bg4 29.Rf1 Bd2
30.Nf4 Rxh2 31.Nd5 Bxc1 32.Qh8+ Rc8 33.Nxc8 Qxc8 34.Qxc8+ Kxc8 35.Kxc1 h5
36.Rf4 Rh1+ 37.Kb2 Re1 38.Nf6 Rxe5 39.Nxg4 hxg4 40.Rxg4 Rd5 41.Kc1 Kc7 42.Kd2 Kc6
43.Kd3 Kc5 44.a3 a5 45.Rg7 Kc6 46.Rg8 Rh5 47.Kxd4 Rh4+ 48.Kc3 Rh3+ 49.Kb2 b6
50.Rc8+ Kb7 51.Rc3 Rh2 52.Rd3 Kc6 53.Kc3 Kc5 54.Rf3 Kc6 55.Kd3 Kc5 56.Re3 Kc6
57.Re2 Rh3+ 58.Kd4 a4 59.Re6+ Kc7 60.Re3 Rh4+ 61.Kd5 axb3 62.cxb3 Rh5+ 63.Re5 Rh3
64.Kc4 Kc6 65.Re6+ Kb7 66.a4 Rg3 67.Rd6 Rh3 68.b4 Rh4+ 69.Rd4 Rh7 70.Re4 Kc6
71.Re6+ Kb7 72.Kd5 Rd7+ 73.Rd6 Rh7 74.Rf6 Rd7+ 75.Kc4 Rh7 76.Rf5 Rg7 77.Kb5 Rh7
78.Rd5 Rg7 79.Rd6 Rg5+ 80.Kc4 Rg7 81.Re6 Rh7 82.Kd5 Rd7+ 83.Ke5 Rd1 84.Rd6 Re1+
85.Kd5 Rd1+ 86.Ke6 Re1+ 87.Kd7 Re4 88.a5  1/2-1/2

[Event "20th Kavala Open"]
[Site "Kavala GRE"]
[Date "2011.07.31"]
[Round "2"]
[White "Solak,D"]
[Black "Markidis,K"]
[Result "1-0"]
[WhiteElo "2598"]
[BlackElo "2330"]

1.e4 e6 2.d4 d5 3.Nd2 Be7 4.Bd3 c5 5.dxc5 Nf6 6.exd5 Qxd5 7.Ngf3 Nbd7 8.b4 a5
9.Bc4 Qh5 10.c3 Nd5 11.Bxd5 Qxd5 12.a4 b6 13.O-O bxc5 14.c4 Qf5 15.b5 e5
16.Qe2 Bb7 17.Bb2 f6 18.Nh4 Qe6 19.f4 f5 20.Nhf3 e4 21.Nb3 O-O 22.Ne5 Nxe5
23.Bxe5 g5 24.Rac1 gxf4 25.Bxf4 Rf7 26.Qe3 Rg7 27.Rf2 Rd8 28.Nxc5 Bxc5 29.Qxc5 Rgd7
30.h3 Qg6 31.Kh2 Rd3 32.Re1 R8d7 33.Re3 Rg7 34.Qe5 h5 35.c5 Rxe3 36.Bxe3 h4
37.Kg1 Qg3 38.Qxg3 Rxg3 39.c6 Bc8 40.Re2  1-0

[Event "15th HZ Open"]
[Site "Vlissingen NED"]
[Date "2011.07.31"]
[Round "2"]
[White "Willemsma,A"]
[Black "Zaragatski,I"]
[Result "1-0"]
[WhiteElo "2088"]
[BlackElo "2469"]

1.e4 e6 2.d4 d5 3.Nd2 Nc6 4.Ngf3 Nf6 5.e5 Nd7 6.Bd3 f6 7.Ng5 Ndxe5 8.dxe5 fxg5
9.Qh5+ g6 10.Bxg6+ Kd7 11.c4 Nxe5 12.Bc2 Bd6 13.f4 gxf4 14.c5 Qe8 15.Qe2 Nc6
16.cxd6 cxd6 17.Nf3 e5 18.O-O Kc7 19.Bb3 d4 20.Bd2 Bg4 21.Bd5 Rc8 22.Rac1 Kb8
23.Qb5 Ka8 24.a4 Be6 25.Ng5 a6 26.Qb3 Bxd5 27.Qxd5 Qg6 28.Nf7 Rhg8 29.Nxd6 e4
30.Qxe4 Qxd6 31.Rxf4 Rce8 32.Qxh7 Qd5 33.Rf2 Ne5 34.Qf5 Rxg2+ 35.Kf1 Rxf2+
36.Kxf2 Rg8 37.Rc8+ Rxc8 38.Qxc8+ Ka7 39.Qf5 Qc5 40.h4 a5  1-0

[Event "15th HZ Open"]
[Site "Vlissingen NED"]
[Date "2011.07.31"]
[Round "3"]
[White "Donkers,Joran"]
[Black "Tiggelman,R"]
[Result "0-1"]
[WhiteElo "1934"]
[BlackElo "2233"]

1.e4 e6 2.d4 d5 3.Nd2 Be7 4.Ngf3 Nf6 5.e5 Nfd7 6.Bd3 c5 7.c3 Nc6 8.O-O g5
9.h3 h5 10.g4 Qc7 11.a3 hxg4 12.hxg4 f6 13.exf6 Nxf6 14.Ne5 cxd4 15.Bg6+ Kf8
16.cxd4 Nxd4 17.Ndf3 Nxf3+ 18.Nxf3 Kg7 19.Bc2 e5 20.Nxg5 e4  0-1

[Event "Politiken Cup"]
[Site "Helsingor DEN"]
[Date "2011.08.01"]
[Round "4.38"]
[White "Zivkovic,Mile"]
[Black "Burmeister,R"]
[Result "0-1"]
[WhiteElo "2079"]
[BlackElo "2298"]

1.d4 e6 2.e4 d5 3.Nd2 Nc6 4.c3 e5 5.exd5 Qxd5 6.dxe5 Nxe5 7.Qa4+ Bd7 8.Qe4 Qxe4+
9.Nxe4 Bc6 10.f4 Ng4 11.Nf2 Nxf2 12.Kxf2 Nf6 13.Bd3 Bc5+ 14.Kg3 O-O-O 15.Bf5+ Kb8
16.h3 Rhe8 17.b4 Nh5+ 18.Kh2 Bf2 19.h4 Ng3 20.Nh3 Nxh1 21.Kxh1 Bg3 22.Ng1 Rd1
23.Bh3 Rxg1+  0-1

[Event "Tabor Open"]
[Site "Tabor CZE"]
[Date "2011.08.01"]
[Round "2.18"]
[White "Pekarkova,E"]
[Black "Lacina,A"]
[Result "0-1"]
[WhiteElo "1980"]
[BlackElo "2227"]

1.e4 e6 2.d4 d5 3.Nd2 Nc6 4.c3 dxe4 5.Nxe4 Qd5 6.Ng3 h5 7.Bd3 Nf6 8.Qf3 h4
9.Ne4 Be7 10.Bf4 Qa5 11.Bd2 e5 12.Nxf6+ Bxf6 13.d5 Ne7 14.c4 Qc5 15.Bc3 a5
16.Qe2 h3 17.gxh3 Bxh3 18.Nxh3 Rxh3 19.Rd1 Kf8 20.Bxe5 Ng6 21.Bxf6 gxf6 22.Qg4 Re8+
23.Be2 Rh4  0-1

[Event "29th World Junior Girls"]
[Site "Chennai IND"]
[Date "2011.08.02"]
[Round "1.28"]
[White "Supriya,J"]
[Black "Fataliyeva,U"]
[Result "0-1"]
[WhiteElo "1829"]
[BlackElo "2107"]

1.e4 e6 2.d4 d5 3.Nd2 Be7 4.Ngf3 Nf6 5.e5 Nfd7 6.Bd3 c5 7.c3 Nc6 8.O-O g5
9.dxc5 g4 10.Nd4 Ndxe5 11.N2b3 Nxd3 12.Qxd3 e5 13.Nxc6 bxc6 14.Re1 f6 15.f3 a5
16.fxg4 a4 17.Nd2 Bxc5+ 18.Kh1 Bxg4 19.Nf3 e4 20.Nd4 Kf7 21.Qg3 Qd7 22.Be3 Rag8
23.Qf2 Bd6 24.Rf1 Rg6 25.Nf5 Bxf5 26.Qxf5 Qxf5 27.Rxf5 Ke6 28.Raf1 Be5 29.R5f2 a3
30.Bd4 Rb8 31.b3 Bxd4 32.cxd4 Rb4 33.Rd1 Rg8 34.Rc2 Rc8 35.Kg1 f5 36.g3 c5
37.dxc5 Rc6 38.Kf2 d4 39.Rdc1 Kd5 40.h3  0-1

[Event "50th World Juniors"]
[Site "Chennai IND"]
[Date "2011.08.02"]
[Round "1.57"]
[White "Arun,J"]
[Black "Thavandiran,S"]
[Result "0-1"]
[WhiteElo "2018"]
[BlackElo "2320"]

1.e4 e6 2.d4 d5 3.Nd2 Nc6 4.Ngf3 Nf6 5.e5 Nd7 6.c3 f6 7.Bd3 fxe5 8.dxe5 g6
9.Bb5 Bg7 10.Qa4 Ncxe5 11.Nxe5 Bxe5 12.Qg4 Qe7 13.O-O c6 14.Ba4 O-O 15.f4 Bc7
16.Bc2 Kh8 17.Nf3 Rg8 18.Ng5 Bb6+ 19.Kh1 Nf6 20.Qh4 Rg7 21.Bd2 Bd7 22.c4 d4
23.Rae1 Rf8 24.b4 c5 25.b5 Qd6 26.Nf3 Bd8 27.Qh3 Ng8 28.Ne5 Be8 29.Nd3 Bd7
30.Ne5 Be8 31.Nd3 Rf6 32.f5 Rxf5 33.Bf4 Qf8 34.g4 Rff7 35.Be5 Bf6 36.Rg1 Bxe5
37.Rxe5 Rf3 38.Qg2 Rgf7 39.Bd1 Rxd3  0-1

[Event "29th World Junior Girls"]
[Site "Chennai IND"]
[Date "2011.08.02"]
[Round "1.25"]
[White "Tokhirjanova,H"]
[Black "Madhurima,S"]
[Result "1-0"]
[WhiteElo "2119"]
[BlackElo "1854"]

1.e4 e6 2.d4 d5 3.Nd2 Nc6 4.Ngf3 Nf6 5.e5 Nd7 6.Bb5 a6 7.Bxc6 bxc6 8.O-O c5
9.c3 Be7 10.Re1 O-O 11.Nf1 cxd4 12.Nxd4 Bb7 13.Qg4 Re8 14.Bh6 Bf8 15.Bg5 Be7
16.Bf4 c5 17.Nf3 Qb6 18.Ng3 Kh8 19.Nh5 g6 20.Bh6 Rg8 21.Nf4 Bf8 22.Ng5 Bxh6
23.Nxf7+ Kg7 24.Nxh6 Rge8 25.Qh3 d4 26.cxd4 cxd4 27.Rad1 Rac8 28.Qh4 Rc2
29.Ng4 Rxb2 30.Qh6+ Kg8 31.Nxg6 hxg6 32.Qxg6+ Kf8 33.Nh6 Ke7 34.Qg5+ Kf8
35.Qf4+ Ke7 36.Qh4+ Kf8 37.Rxd4 Re2 38.Rf4+ Kg7 39.Qg5+  1-0

[Event "Politiken Cup"]
[Site "Helsingor DEN"]
[Date "2011.08.02"]
[Round "5.52"]
[White "Skovgaard,T"]
[Black "Hobber,A"]
[Result "0-1"]
[WhiteElo "2013"]
[BlackElo "2179"]

1.e4 e6 2.d4 d5 3.Nd2 Nc6 4.Ngf3 Nf6 5.e5 Nd7 6.Bd3 f6 7.Ng5 Ndxe5 8.dxe5 fxg5
9.Qh5+ g6 10.Bxg6+ Kd7 11.Nf3 hxg6 12.Qxg6 Be7 13.Nxg5 Qg8 14.Qxg8 Rxg8 15.f4 Nxe5
16.h4 Ng4 17.Nf7 Ke8 18.Ng5 Nh6 19.Bd2 e5 20.O-O-O e4 21.Be3 c6 22.c4 Bg4
23.Rde1 Nf5 24.Bd2 Kd7 25.h5 Nh6 26.Kc2 Bf5 27.Kb3 d4 28.g4 Nxg4 29.Nxe4 Ne3
30.Ng5 Bc2+  0-1

[Event "98th ch-GBR"]
[Site "Sheffield ENG"]
[Date "2011.08.02"]
[Round "8.18"]
[White "Rudd,J"]
[Black "Walton,A"]
[Result "0-1"]
[WhiteElo "2278"]
[BlackElo "2172"]

1.e4 e6 2.d4 d5 3.Nd2 Be7 4.Bd3 c5 5.dxc5 Nf6 6.Qe2 a5 7.Ngf3 O-O 8.h4 h6
9.g4 Nxg4 10.Rg1 f5 11.e5 Bxc5 12.Rg2 Nc6 13.Nb3 Be7 14.Bf4 a4 15.Nbd4 a3
16.Nxc6 bxc6 17.b3 Bb4+ 18.Kf1 Bc3 19.Rd1 c5 20.Nh2 Qxh4 21.Nxg4 Qh1+ 22.Rg1 Qh3+
23.Rg2 fxg4 24.Qxg4 Qxg4 25.Rxg4 g5 26.Bh2 Ra7 27.Ke2 Raf7 28.f4 Bxe5 29.Bg1 Bd6
30.fxg5 e5 31.Rg2 Bh3 32.Rg3 Bf1+ 33.Rxf1 Rxf1 34.gxh6+ Kh8 35.Rg4 e4 36.Bb5 R1f4
37.Rg2 Rg8 38.Rxg8+ Kxg8 39.Bc6 Rf5 40.c4 dxc4 41.bxc4 Rh5 42.Bd5+ Kf8 43.Bxe4 Rxh6
44.Bc2 Be7 45.Be3 Rh1 46.Bf4 Ra1 47.Bb3 Rb1 48.Be5 Kf7 49.Bc2 Rg1 50.Kd2 Bf6  0-1

[Event "50th World Juniors"]
[Site "Chennai IND"]
[Date "2011.08.03"]
[Round "2.10"]
[White "Huschenbeth,N"]
[Black "Krishna,CRG"]
[Result "1-0"]
[WhiteElo "2521"]
[BlackElo "2330"]

1.e4 e6 2.d4 d5 3.Nd2 Nc6 4.Ngf3 Nf6 5.e5 Nd7 6.c3 f6 7.exf6 Qxf6 8.Bb5 Bd6
9.O-O O-O 10.Nb3 a6 11.Bxc6 bxc6 12.Bg5 Qg6 13.Bh4 a5 14.Re1 a4 15.Nbd2 a3
16.b3 Ba6 17.Bg3 c5 18.Rc1 Bd3 19.Re3 Bf5 20.Qe2 Qf6 21.Ne5 Rad8 22.Ndf3 Qh6
23.Nc6 Rde8 24.Nh4 Be4 25.f3 Bxg3 26.hxg3 Bg6 27.Re1 Bf7 28.Ne5 Nxe5 29.Rxe5 Qf6
30.Qe3 cxd4 31.cxd4 Rb8 32.f4 Qd8 33.Nf3 h6 34.g4 Kh8 35.g5 h5 36.Nh4 Rb6
37.Qd3 Kg8 38.g3  1-0

[Event "Politiken Cup"]
[Site "Helsingor DEN"]
[Date "2011.08.03"]
[Round "6.78"]
[White "Pedersen,Lars Foldager"]
[Black "Andersen,Ru2"]
[Result "0-1"]
[WhiteElo "1916"]
[BlackElo "2078"]

1.e4 e6 2.d4 d5 3.Nd2 Be7 4.e5 Nh6 5.f4 c5 6.c3 Nc6 7.Ndf3 Qb6 8.Bd3 cxd4
9.Nxd4 Nxd4 10.cxd4 Bb4+ 11.Kf1 Nf5 12.Bxf5 exf5 13.Ne2 Bd7 14.Bd2 Be7 15.Qb3 Qa6
16.Kf2 O-O 17.Bb4 Bxb4 18.Qxb4 Rac8 19.Qd2 Bb5 20.Nc3 Bd3 21.Rhd1 Be4 22.a3 Rc4
23.Rac1 Rfc8 24.Qe3 Qb6 25.Rd2 h6 26.h3 Qe6 27.Rcd1 h5 28.Nb5 Rc2 29.Nxa7 Rxd2+
30.Rxd2 Rc1 31.Nb5 Qg6 32.Qg3 Rf1+  0-1

[Event "Stilwerk Masters"]
[Site "Vienna AUT"]
[Date "2011.08.03"]
[Round "1"]
[White "Kopinits,A"]
[Black "Jorczik,J"]
[Result "1/2-1/2"]
[WhiteElo "2265"]
[BlackElo "2383"]

1.e4 e6 2.d4 d5 3.Nd2 Be7 4.c3 c5 5.dxc5 Nf6 6.exd5 Nxd5 7.Nb3 Nd7 8.Nf3 O-O
9.Bd3 a5 10.a4 Nxc5 11.Nxc5 Bxc5 12.Qe2 Qc7 13.O-O Nf4 14.Bxf4 Qxf4 15.Rfd1 b6
16.g3 Qh6 17.Be4 Ra7 18.Nd4 Ba6 19.Bd3 Bxd3 20.Rxd3 Qf6 21.Rad1 Rd7  1/2-1/2

[Event "15th HZ Open"]
[Site "Vlissingen NED"]
[Date "2011.08.03"]
[Round "6"]
[White "Burg,T"]
[Black "Van Dooren,D"]
[Result "1-0"]
[WhiteElo "2450"]
[BlackElo "2290"]

1.e4 e6 2.d4 d5 3.Nd2 Be7 4.Ngf3 Nf6 5.Bd3 dxe4 6.Nxe4 Nbd7 7.O-O O-O 8.Qe2 b6
9.b3 Bb7 10.c4 c5 11.Bb2 Nxe4 12.Bxe4 Bxe4 13.Qxe4 Bf6 14.Rad1 Qc7 15.Rfe1 Rad8
16.Ba3 Rfe8 17.d5 Nf8 18.Bc1 Ng6 19.Bg5 Bxg5 20.Nxg5 Qe7 21.Qg4 Qf6 22.dxe6 fxe6
23.Rxd8 Rxd8 24.g3 Ne5 25.Qxe6+ Qxe6 26.Nxe6 Nf3+ 27.Kf1 Rd2 28.Re4 Rxa2
29.Kg2 Nd2 30.Rf4 h6 31.h4 Nxb3 32.h5 Re2 33.Rf8+ Kh7 34.Nf4 Re5 35.g4 Rg5
36.f3 Nd2 37.Ne6 Nxc4 38.Nxg5+ hxg5 39.f4 gxf4 40.Kf3 g5 41.hxg6+ Kxg6 42.Kxf4 a5
43.Rg8+ Kf7 44.Ra8 b5 45.Ra7+ Ke6 46.g5 Ne5 47.Ke4 Nf7 48.g6 Nd6+ 49.Kd3 c4+
50.Kc2 Nf5 51.g7 Nxg7 52.Rxg7 Kd5  1-0

[Event "29th World Junior Girls"]
[Site "Chennai IND"]
[Date "2011.08.04"]
[Round "3.20"]
[White "Arunima,K"]
[Black "Fataliyeva,U"]
[Result "1/2-1/2"]
[WhiteElo "1867"]
[BlackElo "2107"]

1.e4 e6 2.d4 d5 3.Nd2 Be7 4.Bd3 c5 5.dxc5 Nf6 6.Qe2 O-O 7.Ngf3 a5 8.O-O Na6
9.e5 Nd7 10.c4 Naxc5 11.Bc2 b6 12.b3 Ba6 13.Bb2 Qc7 14.Rfd1 Rfd8 15.Rac1 Nb8
16.Qe3 Nc6 17.Bb1 Qb7 18.Nd4 dxc4 19.Nxc4 Rd5 20.Nd6 Bxd6 21.exd6 Rxd6 22.Nxc6 Qxc6
23.Qg5 f6 24.Bxf6 Ra7 25.Bb2 Rxd1+ 26.Rxd1 Rd7 27.Bxh7+ Kxh7 28.Qh5+ Kg8
29.Qe8+ Kh7 30.Qh5+ Kg8 31.Qg5  1/2-1/2